| 000 -LEADER |
| fixed length control field |
01891cam a2200385 ab4500 |
| 001 - CONTROL NUMBER |
| control field |
2345452 |
| 003 - CONTROL NUMBER IDENTIFIER |
| control field |
OSt |
| 005 - DATE AND TIME OF LATEST TRANSACTION |
| control field |
20241111152316.0 |
| 008 - FIXED-LENGTH DATA ELEMENTS--GENERAL INFORMATION |
| fixed length control field |
211222r20192011enkab j 000 1 eng d |
| 020 ## - INTERNATIONAL STANDARD BOOK NUMBER |
| International Standard Book Number |
9780241346242 |
| 040 ## - CATALOGING SOURCE |
| Original cataloging agency |
NFG |
| Language of cataloging |
eng |
| Transcribing agency |
NFG |
| Modifying agency |
NFG |
| -- |
OCLCF |
| -- |
OCLCQ |
| -- |
OCLCO |
| -- |
TCPL |
| -- |
KH8 |
| Description conventions |
aacr2 |
| 042 ## - AUTHENTICATION CODE |
| Authentication code |
nbic |
| 082 0# - DEWEY DECIMAL CLASSIFICATION NUMBER |
| Classification number |
FIC COL |
| 100 1# - MAIN ENTRY--PERSONAL NAME |
| Personal name |
Colfer, Eoin. |
| Relator term |
aut. |
| 245 10 - TITLE STATEMENT |
| Title |
Artemis Fowl and the time paradox / |
| Statement of responsibility, etc. |
Eoin Colfer. |
| 250 ## - EDITION STATEMENT |
| Edition statement |
Reissued edition. |
| 260 ## - PUBLICATION, DISTRIBUTION, ETC. |
| Place of publication, distribution, etc. |
London : |
| Name of publisher, distributor, etc. |
Puffin, |
| Date of publication, distribution, etc. |
2019. |
| 300 ## - PHYSICAL DESCRIPTION |
| Extent |
430 pages : |
| Other physical details |
illustrations, map ; |
| Dimensions |
20 cm. |
| 490 1# - SERIES STATEMENT |
| Series statement |
Artemis Fowl ; |
| Volume/sequential designation |
6. |
| 500 ## - GENERAL NOTE |
| General note |
"Criminally good"--Cover. |
| 500 ## - GENERAL NOTE |
| General note |
Includes excerpt "Artemis Fowl and the Atlantis Complex"; The People - A Spotter's Guide; Gnommish Alphabet; Foaly's top-secret gadgets. |
| 500 ## - GENERAL NOTE |
| General note |
Originally published: 2008. |
| 505 0# - FORMATTED CONTENTS NOTE |
| Formatted contents note |
Prologue: Espresso and Treacle -- World's biggest -- Echoes of magic -- Monkey's uncle -- I now pronounce you -- I to I -- Talk to the animals -- Blob of phlegm -- Prince frog -- Fowl mood -- Pigeon droppings. |
| 520 ## - SUMMARY, ETC. |
| Summary, etc. |
Artemis's mother has contracted a deadly disease -- and the only cure lies in the brain fluid of African lemurs. Unfortunately, Artemis himself was responsible for making the lemurs extinct five years ago. Now he must enlist the aid of hisfairy friends to travel back in time and save them. Not only that, but he must face his deadliest foe yet ... his younger self. |
| 600 10 - SUBJECT ADDED ENTRY--PERSONAL NAME |
| Personal name |
Fowl, Artemis |
| Titles and other words associated with a name |
(Fictitious character) |
| Form subdivision |
Juvenile fiction. |
| 650 #0 - SUBJECT ADDED ENTRY--TOPICAL TERM |
| Topical term or geographic name entry element |
Fairies |
| Form subdivision |
Juvenile fiction. |
| 650 #0 - SUBJECT ADDED ENTRY--TOPICAL TERM |
| Topical term or geographic name entry element |
Leprechauns |
| Form subdivision |
Juvenile fiction. |
| 650 #0 - SUBJECT ADDED ENTRY--TOPICAL TERM |
| Topical term or geographic name entry element |
Lemurs |
| Form subdivision |
Juvenile fiction. |
| 650 #0 - SUBJECT ADDED ENTRY--TOPICAL TERM |
| Topical term or geographic name entry element |
Time travel |
| General subdivision |
Juvenile fiction. |
| 650 #0 - SUBJECT ADDED ENTRY--TOPICAL TERM |
| Topical term or geographic name entry element |
Space and time |
| Form subdivision |
Juvenile fiction. |
| 650 #0 - SUBJECT ADDED ENTRY--TOPICAL TERM |
| Topical term or geographic name entry element |
Magic |
| Form subdivision |
Juvenile fiction. |
| 800 1# - SERIES ADDED ENTRY--PERSONAL NAME |
| Personal name |
Colfer, Eoin. |
| Title of a work |
Artemis Fowl ; |
| Volume/sequential designation |
6. |
| 830 #0 - SERIES ADDED ENTRY--UNIFORM TITLE |
| Uniform title |
Artemis Fowl ; |
| Volume/sequential designation |
6. |
| 942 ## - ADDED ENTRY ELEMENTS (KOHA) |
| Source of classification or shelving scheme |
|
| Koha item type |
Books - Fiction |